000 01292 a2200277 4500
005 20250407161510.0
008 081211t xxu||||| |||| 00| 0 HIN d
010 _aHIN-81987 B-288847-850, B-309510 HIN-129659
020 _c200.00
_a9788171245185
020 _c250.00
035 _aHN-54333, B-309510 HIN-102005
035 _aHN-54333
035 _a B-288847-850
037 _bपु.प्र.अ.प्र/प्रका
040 _aDPL
_bHN
082 _a821.08
100 _aराघवन्, वी.
_980454
245 _aरसों की संख्या/
_cवी.राघवन्
_hहिंदी
246 _aRason ki Sankhya
_bby V.Raghavan;Tran by Rajendra Mishra
260 _aवाराणसी
_bविश्वविद्यालय प्रकाशन
_c2007
260 _c2025
270 _aपो.बा.1149, विशालाक्षी भवन, चौक
_bवाराणसी
_e221001
_k0542 2413741
270 _aप्रथम तल,सी-32/23 ,के-1डी चन्दुआ सट्टी, विद्यापीठ रोड
_bवाराणसी
_e221002
_k9198701115,9369132998
300 _a188पृ
_c23 सेमी (अजिल्द)
942 _adpl
_cHN
_kराघव
_2ddc
_h821.08
_e2nd
999 _c9369
_d9369